Escribir, leer y aprender en la universidad: una introducción a la alfabetización académica
保存先:
| 第一著者: | |
|---|---|
| フォーマット: | 図書 |
| 言語: | スペイン語 |
| 出版事項: |
Buenos Aires
Fondo de Cultura Económica
2005
|
| 版: | 1a. ed |
| シリーズ: | Educación y Pedagogía
|
| 主題: | |
| タグ: |
タグ追加
タグなし, このレコードへの初めてのタグを付けませんか!
|
MARC
| LEADER | 00000nam a2200000 a 4500 | ||
|---|---|---|---|
| 001 | UCK8106 | ||
| 003 | CL-VaPUC | ||
| 008 | 060120e20050000AG |||||||||||||||||spa|d | ||
| 020 | |a 9505576536 | ||
| 082 | 0 | 4 | |a 378.007 |b CAR |2 21 |
| 100 | 0 | |a Carlino, Paula |e author |9 497898 | |
| 245 | 1 | 0 | |a Escribir, leer y aprender en la universidad: una introducción a la alfabetización académica |
| 250 | |a 1a. ed | ||
| 300 | |a 200 p | ||
| 942 | |c BK | ||
| 945 | |d 20060120 00:00:00 |a cmena | ||
| 260 | |a Buenos Aires |b Fondo de Cultura Económica |c 2005 | ||
| 650 | 0 | |a Educación superior |9 223851 | |
| 650 | 0 | |a Universidades |9 256317 | |
| 650 | 0 | |a Comprensión de lectura |9 307588 | |
| 650 | 0 | |a Métodos de enseñanza |9 270413 | |
| 650 | 0 | |a Aprendizaje |9 254827 | |
| 583 | |a last modification |c 20060120 00:00:00 |k Rodrigo Vera | ||
| 490 | 0 | |a Educación y Pedagogía | |
| 999 | |c 315915 |d 315913 | ||
| 952 | |0 0 |1 0 |4 0 |6 378_007000000000000_CAR_2005 |7 0 |8 A |9 389778 |a BIBGIM |b BIBGIM |d 2019-11-22 |i 4204190 |o 378.007 CAR 2005 |p 4204190 |r 2025-01-15 |w 2019-11-22 |y BK |k SSL | ||
| 952 | |0 0 |1 0 |4 0 |6 378_007000000000000_CAR_2005 |7 0 |8 A |9 389779 |a FDOPOS |b FDOPOS |d 2019-11-22 |i 429050K |o 378.007 CAR 2005 |p 429050K |r 2025-01-22 |w 2019-11-22 |y BK |k MLA | ||
| 952 | |0 0 |1 0 |4 0 |6 378_007000000000000_CAR_2005 |7 0 |8 A |9 389780 |a BIBEDU |b BIBEDU |d 2019-11-22 |i 4321359 |l 3 |m 1 |o 378.007 CAR 2005 |p 4321359 |r 2024-03-08 |s 2023-11-09 |w 2019-11-22 |y BK |k PSI | ||
| 952 | |0 0 |1 0 |4 0 |6 378_007000000000000_CAR_2005 |7 0 |8 A |9 389781 |a FDOPOS |b FDOPOS |d 2019-11-22 |i 4352114 |o 378.007 CAR 2005 |p 4352114 |r 2025-01-22 |w 2019-11-22 |y BK |k MLA | ||